| 000 | 00847nam a22002897a 4500 | ||
|---|---|---|---|
| 003 | CHAP | ||
| 005 | 20220329133827.0 | ||
| 008 | 971013s1986 r 00010 d | ||
| 010 | _a11479 | ||
| 011 | _a12451 | ||
| 035 | _a15637 | ||
| 040 | _cCHAP | ||
| 090 | _aFolleto 11905 | ||
| 110 |
_aNational Institute of Agricultural Botany. Cambridge, England _980354 |
||
| 245 | _aRecommended varieties of grasses | ||
| 260 |
_aLinton, England : _bNIAB, _c1986 |
||
| 300 | _a26 p. | ||
| 490 |
_aFarmers leaflet _v; 16 |
||
| 500 | _aD14-72 | ||
| 590 |
_aBATCH-UPD _b10 _c20130110 _lUCH01 _h0339 |
||
| 590 |
_aCONVERSION _b10 _c20130109 _lUCH01 _h1308 |
||
| 650 | 1 | 4 |
_aPastos forrajeros _xVariedades. _986123 |
| 830 | 0 |
_aFarmers leaflet _v; 16 _939774 |
|
| 901 | _aBK | ||
| 942 | _cFOLL | ||
| 949 |
_aFolleto 11905 _bBC _cFOLL _d-27845 _eTS1 _i15637 _mD _si |
||
| 999 |
_c11479 _d11479 |
||